Studies on morphological and some physical problems of soils under Hevea in India (Record no. 48705)

MARC details
000 -LEADER
fixed length control field 00549nam a2200157Ia 4500
100 ## - MAIN ENTRY--AUTHOR NAME
Personal name Krishnakumar A.K.
245 #0 - TITLE STATEMENT
Title Studies on morphological and some physical problems of soils under Hevea in India
260 ## - PUBLICATION, DISTRIBUTION, ETC. (IMPRINT)
Name of publisher Proceedings of the National Symposium on the Distribution of Red and Laterite Soils, 5-7 November 1991, Bangalore, India
Year of publication 1991
650 ## - SUBJECT ADDED ENTRY--TOPICAL TERM
Topical Term Rubber soil
650 ## - SUBJECT ADDED ENTRY--TOPICAL TERM
Topical Term Soil property
700 ## - ADDED ENTRY--PERSONAL NAME
Personal name Datta B.
700 ## - ADDED ENTRY--PERSONAL NAME
Personal name Karthikakuttyamma M.
700 ## - ADDED ENTRY--PERSONAL NAME
Personal name Potty S.N.
942 ## - ADDED ENTRY ELEMENTS (KOHA)
Koha item type Bibliography STAF
Holdings
Withdrawn status Lost status Damaged status Not for loan Home library Current library Shelving location Date acquired Koha item type
      Bibliography RRII Library RRII Library Agronomy 09/04/2014 Bibliography STAF